| 000 | 00463nam a2200157Ia 4500 | ||
|---|---|---|---|
| 999 |
_c19025 _d19025 |
||
| 003 | OSt | ||
| 005 | 20200623120116.0 | ||
| 008 | 190216s9999||||xx |||||||||||||| ||und|| | ||
| 040 | _coclc | ||
| 082 |
_a954.02 _bLAL/H |
||
| 100 |
_a Lal, Kishori Saran _93124 |
||
| 245 | 0 |
_aHistory Of The Khaljis / _cKishori Saran Lal |
|
| 260 |
_bAsia Publishing House, _c1967. _aBombay: |
||
| 300 | _a388p | ||
| 942 |
_cBK _2ddc _h954.02 _iLAL/H _k954.02 _mLAL/H |
||